书目信息 |
| 题名: |
单片机原理与应用
|
|
| 作者: | 张桂红 主编 | |
| 分册: | ||
| 出版信息: | 福州 福建科学技术出版社 2007.02 |
|
| 页数: | 341页 | |
| 开本: | 26cm | |
| 丛书名: | ||
| 单 册: | ||
| 中图分类: | TP368.1 | |
| 科图分类: | ||
| 主题词: | 单片微型计算机--dan pian wei xing ji suan ji | |
| 电子资源: | ||
| ISBN: | 978-7-5335-2954-3 | |
| 000 | 00829nam0 2200241 450 | |
| 001 | 012007956052 | |
| 005 | 20071108183642.07 | |
| 010 | @a978-7-5335-2954-3@dCNY32.00 | |
| 100 | @a20071108d2007 km y0chiy0120 ea | |
| 101 | 0 | @achi |
| 102 | @aCN@b350000 | |
| 105 | @aa a 000yy | |
| 106 | @ar | |
| 200 | 1 | @a单片机原理与应用@Adan pian ji yuan li yu ying yong@f张桂红主编@Fzhang gui hong zhu bian |
| 210 | @a福州@c福建科学技术出版社@d2007.02 | |
| 215 | @a341页@c图@d26cm | |
| 320 | @a有书目 (第341页)。 | |
| 330 | @a本书较为全面、系统地介绍了单片机的基础知识、单片机汇编语言程序设计、单片机的寻址方式、单片机系统的扩展等内容。 | |
| 606 | 0 | @a单片微型计算机@Adan pian wei xing ji suan ji |
| 690 | @aTP368.1@v4 | |
| 701 | 0 | @a张桂红@Azhang gui hong@4主编 |
| 801 | 0 | @aCN@b@c20071108 |
| 905 | @b264827-28@dTP368.1@eZ102@f2 | |
| 单片机原理与应用/张桂红主编.-福州:福建科学技术出版社,2007.02 |
| 341页:图;26cm |
| ISBN 978-7-5335-2954-3:CNY32.00 |
| 本书较为全面、系统地介绍了单片机的基础知识、单片机汇编语言程序设计、单片机的寻址方式、单片机系统的扩展等内容。 |
| ● |
| 相关链接 |
|
|
|
正题名:单片机原理与应用
索取号:TP368.1/Z102
 
预约/预借
| 序号 | 登录号 | 条形码 | 馆藏地/架位号 | 状态 | 备注 |
| 1 | 264827 | 202648279 | 自科库301/301自科库 63排4列4层/ [索取号:TP368.1/Z102] | 在馆 | |
| 2 | 264828 | 202648288 | 自科库301/301自科库 63排4列4层/ [索取号:TP368.1/Z102] | 在馆 |